Statistics for Famous Names by Clue

Click here to take the quiz!

General Stats

  • This quiz has been taken 25 times
  • The average score is 9 of 20

Answer Stats

ClueAnswer% Correct
Powerful limb (20th century astronaut)Armstrong
94%
Rattle the pointed projectile ( 17th century playwright)Shakespeare
94%
Spending the darkness hours in a very strong wind (19th century nurse)Nightingale
88%
Cleaning 2000 lbs (18th century founding father)Washington
81%
Basilica on a rise in the land (20th century politician)Churchill
56%
Healing the fifth letter of the alphabet (19th century scientist)Curie
56%
The water level is down in a northern Italian river (13th century explorer)Polo
50%
Shake up a guy (20th century billionaire)Rockefeller
50%
Jog, then glide over the snow (20th century revolutionary)Trotsky
50%
Bearded male offspring (20th century musician)Harrison
44%
Sentient rock (19th century explorer)Livingstone
44%
That boxy vehicle can really move! (19th century artist)Van Gogh
31%
You tore these trousers! (5th century BCE playwright)Euripedes
25%
Marvin the Martian's weapon (20th century politician)Reagan
25%
Genuine bread mix (21st century politician)Trudeau
25%
Equal to the value of a forest? (19th century poet laureate)Woodsworth
19%
Giving pork to a Jewish priest? (18th century BCE ruler)Hammurabi
13%
How come it's such a steep slope? (14th century religious reformer)Wycliffe
13%
A separated shoulder for example? (19th century dictator)Bonaparte
6%
Sever the property (19th century politician)Cleveland
6%

Score Distribution

Percentile by Number Answered

Percent of People with Each Score

Your Score History

You have not taken this quiz